000 00555nam a2200193Ia 4500
005 20250508164104.0
008 008 250505s9999 xx 000 0 eng d
020 _a0-415-25385-3
037 _aTextual
040 _aFEDL
_beng
_cFEDL
041 _aeng
_2eng
084 _a302, FOU
_qFEDL
100 _aFoucault Michel
245 0 _aMadness and civilization: A history of insanity in the age of reason
260 _aLondon, UK
_bRoutledge Classics
_c2001
300 _axiv,282p
942 _cTEXL
_h302, FOU
999 _c1386991
_d1386991